| 000 | 00365nam a22001337a 4500 | ||
|---|---|---|---|
| 020 | _a97800773445204 | ||
| 050 |
_aQA 276.12 _b.B4 2009 |
||
| 100 | _aBluman, Allan G. | ||
| 245 |
_aElementary statistics : _ba step by step approach |
||
| 250 | _a4th ed. | ||
| 260 |
_aBoston: _bMc Grawhill, _c2009. |
||
| 650 |
_xStatistics _xMathematical statistics |
||
| 942 |
_2lcc _cGEN |
||
| 999 |
_c6513 _d6513 |
||